000 00800na a2200277 4500
001 22741
003 MIRAKIL
005 20181213154813.0
008 170224b tu 000 0
035 _a20666
040 _aMilas
_btur
_cTR-AnCHP
041 _atur
082 _aCHP 320.5315
_bB29a [t.y.]
090 _aCHP 320.5315 B29a [t.y.]
100 _aBaykal, Deniz
245 _aAnadolu sosyalizmi
_cDeniz Baykal, Celal Toprakoğlu
260 _a[y.y.]
_b[yayl. y.]
_c[t.y.]
300 _a153 s.
_c30 sm.
600 _aBaykal, Deniz
_xSiyasal ve sosyal görüşler
_ySosyalizm
610 _aCHP
_xSiyaset ve yönetim
_yBaykal dönemi
610 _aCHP
_xSosyalizm
650 _aSosyalizm
_zTürkiye
651 _aTürkiye
_xUygarlık
700 _aToprakoğlu, Celal
942 _2ddc
_cBKS
999 _c1150
_d1150